Statistics for Serie A 2022/2023 Top Goalscorers

Click here to take the quiz!

General Stats

  • This quiz has been taken 33 times
  • The average score is 18 of 28

Answer Stats

GoalsTeamPlayer% Correct
12RomaDybala
97%
13AC MilanGiroud
97%
12LazioImmobile
97%
15AC MilanLeão
97%
21Inter MilanLautaro Martínez
94%
10JuventusVlahović
94%
12NapoliKvaratskhelia
91%
10Inter MilanLukaku
91%
26NapoliOsimhen
91%
12SassuoloBerardi
81%
16SalernitanaDia
69%
9LazioFelipe Anderson
66%
10BolognaArnautović
63%
13AtalantaLookman
63%
13SpeziaNzola
63%
8RomaAbraham
56%
9Inter MilanDžeko
53%
10AtalantaKoopmeiners
53%
12TorinoSanabria
53%
11BolognaOrsolini
50%
10UdineseBeto
47%
10LazioZaccagni
44%
9AtalantaHøjlund
41%
8FiorentinaCabral
38%
9LazioMilinković-Savić
38%
8JuventusRabiot
34%
8LecceStrefezza
28%
8CremoneseCiofani
16%

Score Distribution

Percentile by Number Answered

Percent of People with Each Score

Your Score History

You have not taken this quiz